Statistics for Country Abbreviations

Click here to take the quiz!

General Stats

  • This quiz has been taken 36 times
  • The average score is 8 of 15

Answer Stats

AbbreviationCountry% Correct
CZCzech Republic
90%
OMOman
87%
SYSyria
87%
MXMexico
83%
GBGreat Britain (UK)
77%
PLPoland
60%
HNHonduras
57%
BOBolivia
50%
ISIceland
43%
MLMali
40%
PEPeru
37%
ATAustria
30%
NENiger
17%
BSBahamas
13%
LKSri Lanka
10%

Score Distribution

Percentile by Number Answered

Percent of People with Each Score

Your Score History

You have not taken this quiz